000 00993nas a2200289 4500
001 BR8300277
003 BR-BrBNA
005 20231205085406.0
007 ta
008 230509b bl.|||p| |||| 00| 00por d
040 _aBR-BrBNA
_bpor
_cBiblioteca Nacional de Agricultura
041 _a(Pt)
072 _aL30
100 1 _aWinkler, H.
100 1 _aSilveira, C.A.M.
100 1 _aBrandes, D.
100 1 _aNuernberg, N.J.
111 1 _a18. Reuniao Anual da Sociedade Brasileira de Zootecnia
_cGoiania, GO (Brazil)
_d13 Jul 1981
245 1 _aInfluencia da epoca de plantio na producao e valor nutritivo da colza forrageira
246 1 _aEffect of time of planting on yield and nutritional value of the forage rape
650 _aCOLZA
650 _aVALOR NUTRITIVO
650 _aPLANTIO
773 0 _tPesquisa Agropecuaria Brasileira (Brazil)
_xISSN 0100-204X
_g(Oct 1982), v. 17(10) p. 1433-1437
_wBR8300277
909 _a202311
_bLúcia
_c55
_dLúcia Elande
942 _2AGRIS
_n0
_cANA
999 _c111162
_d111162